000 00361pam a2200157a 44500
008 230515b1999 xxu||||| |||| 00| 0 eng d
020 _aNULL
041 _aENGL
082 _aC B S
100 _aC.B.S.
245 _aPROBLEMS & SOLUTIONS IN ELEMENTARY ENGG. DRAWING
250 _aN.D.
260 _aNULL
_bC.B.S
_c1999
300 _a238 PB
650 _aNULL
999 _c659196
_d659196